Urok hruzyns'koji. Virši pro korovu. Dobroho ranku!

Podrobná bibliografia
Hlavný autor: Čilačava, Raul' Šalvovyč, 1948- (Autor)
Médium: Článok
Jazyk:ukrajinčina
Predmet:

MARC

LEADER 00000nab a2200000 a 4500
001 vtls000552532
003 SK-MaSNL
005 20260303014720.0
008 180130c1995 xo 0 ukr
015 |a SNBRB19rr/mm-uuuuu 
035 |a CL0552670 
040 |a SNKBUCL  |b slo  |c SNKBUCL  |e AACR2 
041 0 |a ukr 
044 |a xo  |c SK 
080 |a 883-1(087.5)=83  |2 1981 
100 1 |a Čilačava, Raul' Šalvovyč,  |d 1948-  |4 aut  |9 545903 
245 1 0 |a Urok hruzyns'koji. Virši pro korovu. Dobroho ranku!  |c Raul Čilačava 
650 0 7 |a básne lyrické  |2 snkbucl  |9 403933 
650 0 7 |a rečňovanky  |2 snkbucl  |9 278360 
655 7 |a články z novín a časopisov  |2 snkbucl  |9 267496 
655 7 |a články z odboru literárna veda a krásna literatúra  |2 snkbucl  |9 770045 
773 0 |t Veselka  |g Roč. 44, č. 6 (1994/1995), s. 4 
850 |a Slovenská národná knižnica v Martine  |a POA001 
852 |a SNK  |b KIS3GCP 
958 |a RK 
958 |a LX 
958 |a UK 
992 |a RBX 
999 |c 1609030  |d 1610960